000 00811nab a2200253 u 4500
001 17868
003 HDC
007 cr bn ---aaaaa
008 210225c mydr|noo 0 a may d
040 _aHDC
100 _aNorhayati Nordin
_eauthor
_917033
245 0 _aMajlis Syariah UK halalkan minuman ada alcohol
260 _aMalaysia :
_bBerita Harian,
_c2004
336 _atext
_2rdacontent
337 _acomputer
_2rdamedia
338 _aonline resource
_2rdacarrier
650 _ahalal industry
_9144
650 _ahalal issues
_91644
710 _aBerita Harian
856 _zRequest full-text at [email protected]
942 _2lcc
942 _cNEWS
942 _kNWSO 008789
999 _c15184
_d15184